Normal view
MARC view
Entry Topical Term
001 - CONTROL NUMBER
- control field: 498
003 - CONTROL NUMBER IDENTIFIER
- control field: csc
005 - DATE AND TIME OF LATEST TRANSACTION
- control field: 20140507162050.0
008 - FIXED-LENGTH DATA ELEMENTS
- fixed length control field: 121120|| aca||aabn | a|a d
040 ## - CATALOGING SOURCE
- Original cataloging agency: csc
- Transcribing agency: csc
150 ## - HEADING--TOPICAL TERM
- Topical term or geographic name entry element: TCP/IP (Computer network protocol)
670 ## - SOURCE DATA FOUND
- Source citation: Work cat.: (csc)282: Fall, Kevin R. 838, TCP/IP illustrated., c2012-